| Tag |
First Indicator |
Second Indicator |
Subfields |
| LEADER |
00000nam a2200000 4500 |
| 001 |
in00004338921 |
| 005 |
20200812100120.0 |
| 006 |
m g d |
| 007 |
cr bn |||a|bb| |
| 008 |
871005s1648 enk o 00| | eng d |
| 035 |
|
|
|a (UnM)99859594
|
| 037 |
|
|
|a CL0051000002
|b ProQuest Information and Learning. 300 N. Zeeb Rd., Ann Arbor, MI 48106
|
| 040 |
|
|
|a Cu-RivES
|c Cu-RivES
|d CStRLIN
|d Cu-RivES
|e dcrb
|d WaOLN
|
| 100 |
0 |
|
|a Mercurius Melancholicus,
|d fl. 1648.
|
| 245 |
1 |
0 |
|a Mistris Parliament brought to bed of a monstrous childe of reformation. :
|b With her seven years teeming, bitter pangs, and hard travaile, that she hath undergone in bringing forth her first-borne, (being a precious babe of grace.) VVith the cruelty of Mistris London her midwife; and great affection of Mrs. Synod her nurse, Mrs. Schisme, Mrs. Priviledge, Mrs. Ordinance, Mrs. Universall Toleration, and Mrs. Leveller her gossips. /
|c By Mercurius Melancholicus.
|
| 246 |
1 |
6 |
|a Mrs. Parliament brought to bed of the precious babe of Reformation
|
| 260 |
|
|
|a [London] :
|b Printed in the yeer of the Saints fear,
|c 1648.
|
| 300 |
|
|
|a 1 online resource (8 pages)
|
| 336 |
|
|
|a text
|b txt
|2 rdacontent
|
| 337 |
|
|
|a computer
|b c
|2 rdamedia
|
| 338 |
|
|
|a online resource
|b cr
|2 rdacarrier
|
| 500 |
|
|
|a In this edition, line 5 of title reads: "travaile"; line 6 reads: "first-borne"; imprint reads: "Printed in the yeer of our Saints fear."
|
| 500 |
|
|
|a Imperfect: staining.
|
| 500 |
|
|
|a Annotation on Thomason copy: "Aprill. 29".
|
| 500 |
|
|
|a Reproduction of the original in the British Library.
|
| 510 |
4 |
|
|a Wing (2nd edition)
|c M2281
|
| 510 |
4 |
|
|a Thomason
|c E.437[24]
|
| 533 |
|
|
|a Electronic reproduction.
|b Ann Arbor, Mich. :
|c UMI,
|d 1999-
|f (Early English books online)
|n Digital version of: (Thomason Tracts ; 69:E437[24])
|7 s1999 miun s
|
| 650 |
|
0 |
|a Political satire, English
|y 17th century.
|
| 651 |
|
0 |
|a Great Britain
|x Politics and government
|y 1642-1649
|v Humor
|v Early works to 1800.
|
| 830 |
|
0 |
|a Early English books online.
|
| 856 |
4 |
0 |
|u http://proxy.library.tamu.edu/login?url=https://search.proquest.com/docview/2248507069
|z Connect to the full text of this electronic book
|t 0
|
| 999 |
f |
f |
|s a044c226-8f67-356d-bb87-ff839cf61242
|i 7b3c2050-70c9-3c9b-b0c2-0237c20edafe
|t 0
|
| 952 |
f |
f |
|a Texas A&M University
|b College Station
|c Electronic Resources
|d Available Online
|t 0
|h No information provided
|
| 998 |
f |
f |
|t 0
|l Available Online
|